000
00291nam a2200109Ia 4500
008
171211s9999 xx 000 0 und d
245
_a
Nero: The End of a Dynasty
245
_c
Miriam Griffin
260
_c
2000
650
_x
Biography
856
_u
http://down.ebook777.com/060/0415214645.pdf
999
_c
349961
_d
349961